It looks like you're offline.
Open Library logo
additional options menu

MARC record from Internet Archive

LEADER: 03520cam 2200709 i 4500
001 ocm57579423
003 OCoLC
005 20200907083720.0
008 050131t20062006iluab j b 001 0 eng
010 $a 2005002413
040 $aDLC$beng$erda$cDLC$dUKM$dBAKER$dEHH$dBTCTA$dXY4$dYDXCP$dOCLCG$dT7B$dOCLCQ$dOCLCF$dOCLCO$dOCLCQ$dJDP$dOCLCO$dOCL$dIHX$dIO#$dOCLCO
015 $aGBA511981$2bnb
016 7 $a013106638$2Uk
016 7 $a013106635$2Uk
019 $a57639951
020 $a1410917908$q(library binding)
020 $a9781410917904$q(library binding)
020 $a1410917991$q(paperback)
020 $a9781410917997$q(paperback)
020 $a1844439577$q(library binding)
020 $a9781844439577$q(library binding)
020 $a1844439674$q(paperback)
020 $a9781844439676$q(paperback)
035 $a(OCoLC)57579423$z(OCoLC)57639951
050 00 $aD848$b.L415 2006
082 00 $a909.82/8$222
100 1 $aLevy, Patricia,$d1951-$eauthor.
245 10 $aFrom compact discs to the Gulf War :$bthe mid 1980s to the early 1990s /$cPat Levy and Sean Sheehan.
264 1 $aChicago, Illinois :$bRaintree,$c[2006]
264 4 $c©2006
300 $a56 pages :$billustrations (some color), color maps ;$c24 cm.
336 $atext$btxt$2rdacontent
336 $astill image$bsti$2rdacontent
337 $aunmediated$bn$2rdamedia
338 $avolume$bnc$2rdacarrier
490 1 $aModern eras uncovered
504 $aIncludes bibliographical references (page 52) and index.
505 00 $tRewriting history --$tOld and the new: Compact disc --$tNew forms of art and entertainment --$tDeath and disaster: Rainbow warrior --$tMore bad news --$tChernoble --$tEnd of the Cold War: Ending the cold war --$tEastern Europe demands change --$tBringing down the Berlin Wall --$tChristmas in Romania --$tMore unrest, more change: Change in China --$tChange in South Africa --$tChanging times: 1990: a year of change --$t1991: Drama in the USSR --$tNew Russia --$tGulf War: Operation Desert Storm --$tSigns of the future: Breakup of Yugoslavia --$tUnsolved problems --$tTimeline --$tFurther information --$tGlossary --$tIndex.
520 $aLooks at milestones such as the advent of compact discs, the Chernobyl disaster, the fall of the Berlin Wall and the end of the Cold War, the Gulf War, and the breakup of Yugoslavia.
650 0 $aHistory, Modern$y1945-1989$vJuvenile literature.
650 0 $aHistory, Modern$y1989-$vJuvenile literature.
650 0 $aCivilization, Modern$y1950-$vJuvenile literature.
650 1 $aHistory, Modern$y1945-1989.
650 1 $aHistory, Modern$y1989-
650 1 $aCivilization, Modern$y1950-
650 7 $aCivilization, Modern.$2fast$0(OCoLC)fst00863073
650 7 $aHistory, Modern.$2fast$0(OCoLC)fst00958367
648 7 $aSince 1945$2fast
655 7 $aLiterature.$2fast$0(OCoLC)fst01921716
655 7 $aJuvenile works.$2fast$0(OCoLC)fst01411637
655 7 $aInformational works.$2lcgft
700 1 $aSheehan, Sean,$d1951-$eauthor.
830 0 $aModern eras uncovered.
856 41 $3Table of contents$uhttp://catdir.loc.gov/catdir/toc/ecip057/2005002413.html
938 $aBaker & Taylor$bBKTY$c32.86$d32.86$i1410917908$n0006290476$sactive
938 $aBaker and Taylor$bBTCP$n2005002413
938 $aYBP Library Services$bYANK$n2436863
029 1 $aAU@$b000026684166
029 1 $aNZ1$b1193014
029 1 $aNLNZL$b9911930143502836
994 $aZ0$bP4A
948 $hNO HOLDINGS IN P4A - 101 OTHER HOLDINGS